| 000 | 00474pam a2200169 a 4500 | ||
|---|---|---|---|
| 020 | _a0023133619 | ||
| 040 | _cDLC | ||
| 082 | 0 | 0 | _a631 MAC 1990 A053 Co. |
| 100 | 1 | _aBrady, Nyle C. | |
| 245 | 1 | 4 | _aThe nature and properties of soils / |
| 250 | _a10th ed. | ||
| 260 |
_aNew York : _bMacmillan ; _aLondon : _bCollier Macmillan, _cc1990. |
||
| 300 |
_axv, 621 p., [4] p. of plates : _bill. (some col.) ; _c29 cm. |
||
| 650 | 0 | _aSoil science. | |
| 650 | 0 | _aSoils. | |
| 942 | _cEK | ||
| 999 |
_c14958 _d14958 |
||